| 000 | 00322nam a2200097Ia 4500 | ||
|---|---|---|---|
| 008 | 160715s9999 xx 000 0 und d | ||
| 245 | _aSouth SEED-LPDH College : 2nd Commencement Exercises Academic Year 2015-2016 | ||
| 260 |
_bSouth SEED-LPDH College _cApril 20, 2016 |
||
| 500 | _aInvitation | ||
| 650 | _aArchival materials. | ||
| 999 |
_c297747 _d297747 |
||